00760nam a22002057a 4500003000900000005001700009007000300026008003800029040002500067082000700092100003500099245012800134260008500262300003800347590002900385910001400414942001400428952009500442999001700537DO-SdBNP20230417085321.0ta201214b1989 dr acd 00| 0 eng d aDO-SdBNPbspacBNPHU 42221 a Pérez Sierra, Rafael97758910aXII Festival Internacional de Teatro Clásico de Almagro, del 7 al 27 de julio de 1989 /cdirector, Rafael Pérez Sierra. aMadrid : bInstituto Nacional de las Artes Escénicas y de la Música, c1989. a[60] p. : bil., retrs. c30 cm.  aInventariado, 2020 /LP  aLopérez 2ddccLBS1 00102ddc51708PDaBNPHUbBNPHUcHDd2020-12-14p2020-0739r2020-12-14w2020-12-14yLBS1 c49283d49283